000 00489nam a2200181Ia 4500
001 23686
005 20260414150954.0
008 260414t2017||||xx |||||||||||||| ||spa||
041 _aESP
082 _a690.068
_bR25
100 _aRapp, Randy R.
_eAUT
245 0 _aConstruction site planning and logistical operations :
_bsite-focused management for builders
260 _c2017
300 _avii, 397 páginas :
_c25 cm.
650 _a0
654 _aCIC
942 _cLIB
_dJUS
_fJUS
_2ddc
_n
999 _c23686
_d23686